[Event "IX EICC"]
[Site "Plovdiv BUL"]
[Date "2008.04.24"]
[Round "4"]
[White "Rasmussen,Kar"]
[Black "Kostic,Neb"]
[Result "0-1"]
[WhiteElo "2486"]
[BlackElo "2334"]

1.c4 c6 2.e4 d6 3.d4 Nf6 4.Nc3 Qc7 5.g3 e5 6.Bg2 Be7 7.Nge2 O-O 8.O-O Re8
9.h3 a6 10.Be3 Nbd7 11.Rc1 b6 12.b4 exd4 13.Nxd4 Bb7 14.g4 c5 15.Nd5 Nxd5
16.cxd5 Bf8 17.Nf5 b5 18.bxc5 Nxc5 19.f4 Rac8 20.Bxc5 dxc5 21.e5 Red8 22.Rf2 c4
23.d6 Qd7 24.Qd4 Bxg2 25.Kxg2 Qc6+ 26.Kh2 g6 27.Rg2 Qc5 28.Qe4 Qc6 29.Qe3 Qc5
30.Qf3 Kh8 31.Ng3 b4 32.Qb7 f6 33.d7 Rc7 34.Qxa6 Rc6 35.Qb7 fxe5 36.fxe5 Bg7
37.Re1 Rc7 38.Qe4 Rcxd7 39.e6 Re7 40.h4 Ree8 41.h5 Rd4 42.Qf3 Qg5 43.hxg6 Rf4
44.Ne4 Qe5 45.Qh3 h6 46.Nf6 Qxf6 47.g5 Qd4 48.Rd1 Qxd1 49.gxh6 Be5 50.g7+ Kh7
51.g8=Q+ Rxg8 52.Rg7+ Rxg7 53.hxg7+ Kxg7 54.Qg3+ Kf6  0-1

[Event "IX EICC"]
[Site "Plovdiv BUL"]
[Date "2008.04.25"]
[Round "5"]
[White "Hracek,Z"]
[Black "Braun,A"]
[Result "1-0"]
[WhiteElo "2613"]
[BlackElo "2529"]

1.c4 c6 2.d4 d5 3.Nc3 Nf6 4.e3 a6 5.Nf3 b5 6.c5 Nbd7 7.Bd2 e5 8.b4 e4 9.Ng1 a5
10.bxa5 Rxa5 11.a4 bxa4 12.Rxa4 Rxa4 13.Qxa4 Qc7 14.Na2 Be7 15.Nb4 Bb7 16.Ba6 Bxa6
17.Qxa6 Nb8 18.Qa8 O-O 19.Ne2 Rc8 20.h3 Nbd7 21.Qa4 Kf8 22.O-O Bd8 23.Ra1 Ng8
24.Qa7 Ne7 25.Be1 Ke8 26.f3 Qxa7 27.Rxa7 Nf5 28.fxe4 dxe4 29.Ng3 Nxe3 30.Nxe4 Nc4
31.g4 Nf6 32.Nxf6+ Bxf6 33.Bf2 Nd2 34.Kg2 Nb3 35.Nc2 Rd8 36.Ra4 Rb8 37.Be3 Kd7
38.Kf3 g6 39.g5 Bd8 40.Ke4 Ba5 41.Ra3 Ke6 42.h4 Rb7 43.Kd3 Bc7 44.Kc3 Na5
45.Nb4 Rb5 46.Ra1 Bg3 47.Rf1 Ke7 48.Bf2 Bc7 49.Be1 Kf8 50.Rf6 Bd8 51.Rf3 f6
52.gxf6 Kf7 53.Bg3 h6 54.Rf1 g5 55.hxg5 hxg5 56.Nd3 Rb3+ 57.Kc2 Nc4 58.Ne5+ Nxe5
59.Kxb3 Nd7 60.Kc4 g4 61.Kd3 Bxf6 62.Rf4  1-0

[Event "IX EICC"]
[Site "Plovdiv BUL"]
[Date "2008.04.25"]
[Round "5"]
[White "Kostic,Neb"]
[Black "Sebag,M"]
[Result "0-1"]
[WhiteElo "2334"]
[BlackElo "2521"]

1.c4 c6 2.Nc3 d5 3.d4 Nf6 4.cxd5 cxd5 5.Bf4 Nc6 6.e3 a6 7.Bd3 Bg4 8.Nge2 e6
9.Rc1 Bd6 10.f3 Bh5 11.O-O O-O 12.a3 Rc8 13.Bg5 Bg6 14.b4 Be7 15.Bxf6 Bxf6
16.f4 b5 17.g4 Bxd3 18.Qxd3 g6 19.Rc2 Bg7 20.Nc1 Qh4 21.Rg2 h5 22.g5 Ne7
23.Nb3 Nf5 24.Nc5 Qh3 25.Nd1 Rxc5 26.dxc5 d4 27.Qe2 dxe3 28.Rf3 Qh4 29.Nxe3 Nd4
30.Qf2 Nxf3+ 31.Qxf3 Qe1+ 32.Nf1 Rd8 33.Re2 Qc1 34.Kg2 Bb2 35.Re3 Qc4 36.Re4 Qa2
37.Qe2 Qd5 38.Ng3 Bxa3 39.Kh3 Qd1  0-1

[Event "3rd Open"]
[Site "Angers FRA"]
[Date "2008.04.26"]
[Round "4"]
[White "Doncea,V"]
[Black "Piankov,E"]
[Result "1-0"]
[WhiteElo "2441"]
[BlackElo "2341"]

1.c4 c6 2.Nf3 d5 3.d4 e6 4.g3 Bd6 5.Bg2 f5 6.O-O Nf6 7.b3 Qe7 8.Ne5 Nbd7
9.Nd3 O-O 10.Nd2 e5 11.dxe5 Nxe5 12.Bb2 dxc4 13.bxc4 Nxd3 14.exd3 Qf7 15.Nf3 Re8
16.Qb3 h6 17.Rae1 Rxe1 18.Rxe1 f4 19.Be5 Bxe5 20.Nxe5 Qh5 21.gxf4 Qh4 22.c5+ Kh7
23.Qf7 Bf5 24.Nf3 Qh5 25.Qxb7 Re8 26.Rxe8 Qxe8 27.Ne5 Qh5 28.Bf3 Ng4 29.Bxg4 Bxg4
30.Qxc6 Bf5 31.Qf3 Qe8 32.c6 Qd8 33.Qe3 Qa5 34.Kg2 Qxa2 35.c7 Qd5+ 36.Qf3 Qd4
37.Kg3 Qa1 38.Nc6 Qg1+ 39.Qg2 Qd1 40.Ne5 Qc1 41.Qc6 Qg1+ 42.Kf3 Bg4+ 43.Ke4 Qe1+
44.Kd5 Qa5+  1-0

[Event "II Open"]
[Site "La Laguna ESP"]
[Date "2008.04.27"]
[Round "9"]
[White "Malakhatko,V"]
[Black "Peralta,Fe"]
[Result "1/2-1/2"]
[WhiteElo "2621"]
[BlackElo "2546"]

1.c4 c6 2.Nf3 d5 3.e3 Bg4 4.cxd5 Bxf3 5.gxf3 cxd5 6.Qb3 Qd7 7.d4 Nc6 8.Nc3 e6
9.Bd2 Nf6 10.O-O-O Be7 11.Kb1 O-O 12.f4 Rfc8  1/2-1/2

[Event "XXI Open"]
[Site "Benidorm ESP"]
[Date "2008.04.28"]
[Round "4"]
[White "Chatalbashev,B"]
[Black "Haslinger,S"]
[Result "1-0"]
[WhiteElo "2605"]
[BlackElo "2500"]

1.c4 c6 2.Nf3 d5 3.e3 Nf6 4.d4 Bg4 5.Nc3 e6 6.h3 Bxf3 7.Qxf3 Nbd7 8.Bd3 Bd6
9.cxd5 cxd5 10.g4 Nb6 11.g5 Nfd7 12.e4 e5 13.exd5 exd4 14.Qe4+ Qe7 15.Nb5 Qxe4+
16.Bxe4 Be5 17.d6 O-O-O 18.Nxa7+ Kb8 19.Nb5 Nc5 20.Bg2 Nd3+ 21.Ke2 Nxc1+
22.Raxc1 Bxd6 23.Nxd6 Rxd6 24.Kd3 h6 25.h4 Nd5 26.Bxd5 Rxd5 27.f4 Rf5 28.Rhf1 g6
29.Kxd4 hxg5 30.hxg5 Rh2 31.Rc5 Rxc5 32.Kxc5 Rxb2 33.Kd6 Rb5 34.Ke7 Rf5 35.Rf3 b5
36.Rb3 Kc7 37.Rb4 Kc6 38.a4 bxa4 39.Rxa4 Kb5 40.Re4 Kc6 41.Rb4 Kc5 42.Ra4 Kb5
43.Rd4 Kc5 44.Re4 Kc6 45.Kf8 Kd5 46.Ra4 f6 47.Kg7 fxg5 48.fxg5 Rf1 49.Kxg6 Rg1
50.Kf7 Rf1+ 51.Kg7 Ke6 52.g6 Rg1 53.Ra6+ Ke7 54.Ra2 Ke6 55.Re2+ Kd7 56.Kf7  1-0

[Event "ch-NED U21"]
[Site "Venlo NED"]
[Date "2008.04.28"]
[Round "4"]
[White "Laarhoven,T"]
[Black "Hortensius,N"]
[Result "1-0"]
[WhiteElo "2194"]
[BlackElo "1990"]

1.c4 c6 2.g3 d5 3.Bg2 Nf6 4.Qc2 g6 5.b3 Bg7 6.Bb2 O-O 7.Nf3 dxc4 8.bxc4 Bf5
9.d3 Qc8 10.O-O Bh3 11.Nbd2 Bxg2 12.Kxg2 Nbd7 13.Rab1 Re8 14.d4 Nh5 15.c5 e5
16.Nc4 e4 17.Ng5 Ndf6 18.Nd6 Qg4 19.Nxe8 Rxe8 20.Nh3 Nd5 21.Rbe1 Bh6 22.e3 Qf3+
23.Kg1 Qg4 24.Kg2 Qf3+ 25.Kg1 Qg4 26.Nf4 Bxf4 27.exf4 Nhxf4 28.f3 Nh3+ 29.Kh1 Qg5
30.Qg2 e3 31.Qxh3 e2 32.Rg1 Qd2 33.Ba1 Ne3 34.Qh6 Qd3 35.d5 Nf5 36.Qf4 Qxd5
37.Rxe2  1-0

[Event "IX EICC"]
[Site "Plovdiv BUL"]
[Date "2008.04.29"]
[Round "8"]
[White "Kobalia,M"]
[Black "Braun,A"]
[Result "1/2-1/2"]
[WhiteElo "2627"]
[BlackElo "2529"]

1.c4 c6 2.e4 d5 3.exd5 cxd5 4.d4 Nf6 5.Nc3 Nc6 6.Bg5 e6 7.Nf3 Be7 8.Bd3 dxc4
9.Bxc4 O-O 10.O-O b6 11.a3 Bb7 12.Qd3 Nd5 13.Bxd5 Bxg5 14.Be4 f5 15.Bxc6 Bxc6
16.Ne5 Bb7 17.Rad1 Qd6 18.Rfe1 Rad8 19.Qc4 a6 20.Qb3 Bf6 21.Na4 b5 22.Nc5 Bd5
23.Qb4 Rfe8 24.Qa5 Ra8 25.h3 Ra7 26.Qb4 Qd8 27.Ncd3 Bg5 28.Qc3 Rc7 29.Nc5 Bf4
30.Ned3 Qg5 31.Nxf4 Qxf4 32.Re5 Qg5 33.f3 Rc6 34.Rde1 Kf7 35.R1e3 Qh4 36.Qd2 Rd8
37.b3 Rcd6 38.Kh1 h6 39.Kh2 Qf4+ 40.g3 Qg5 41.Rxd5 exd5 42.f4 Qf6 43.Nb7 Rc6
44.Nxd8+ Qxd8 45.h4 Qc8 46.Re2 Rc3 47.Qe1 Rc2 48.Kh3 Rxe2 49.Qxe2 Qc1 50.Qf3 Qc6
51.h5 Qe6 52.Qc3 Qe4 53.Kh2 Kg8 54.Qc6 Qe2+ 55.Kg1 Qe1+ 56.Kg2 Qe2+  1/2-1/2

[Event "IX EICC w"]
[Site "Plovdiv BUL"]
[Date "2008.04.29"]
[Round "8"]
[White "Paikidze,N"]
[Black "Coimbra,M"]
[Result "1/2-1/2"]
[WhiteElo "2347"]
[BlackElo "2120"]

1.c4 c6 2.Nf3 d5 3.e3 Nf6 4.d4 e6 5.Bd3 dxc4 6.Bxc4 c5 7.Qe2 a6 8.O-O b5
9.Bd3 Bb7 10.dxc5 Bxf3 11.Qxf3 Nbd7 12.Rd1 Bxc5 13.a3 O-O 14.b4 Be7 15.Bb2 Qb8
16.Qg3 Qxg3 17.hxg3 Nb6 18.Nd2 Rfd8 19.Nf3 Rac8 20.Bd4 Nfd7 21.Be4 Nd5 22.Rdc1 Bf6
23.Kf1 Kf8 24.Bxd5 exd5 25.Ke2 Bxd4 26.Nxd4 Rc4 27.Rxc4 bxc4 28.a4 Rb8 29.b5  1/2-1/2

[Event "IX EICC"]
[Site "Plovdiv BUL"]
[Date "2008.04.29"]
[Round "8"]
[White "Grigoriants,S RUS"]
[Black "Asrian,K"]
[Result "1/2-1/2"]
[WhiteElo "2573"]
[BlackElo "2630"]

1.c4 c6 2.d4 d5 3.Nf3 Nf6 4.e3 e6 5.Bd3 dxc4 6.Bxc4 Nbd7 7.O-O Bd6 8.a3 O-O
9.Nc3 e5 10.h3 Qe7 11.Ba2  1/2-1/2

[Event "XXI Open"]
[Site "Benidorm ESP"]
[Date "2008.05.01"]
[Round "7"]
[White "Rotstein,A"]
[Black "Burmakin,V"]
[Result "0-1"]
[WhiteElo "2528"]
[BlackElo "2615"]

1.c4 c6 2.e4 d5 3.exd5 cxd5 4.d4 Nf6 5.Nc3 g6 6.cxd5 Bg7 7.Bb5+ Nbd7 8.d6 exd6
9.Qe2+ Kf8 10.Bc4 Nb6 11.Bb3 Qe7 12.Bf4 Bg4 13.f3 Be6 14.Bxe6 fxe6 15.Nh3 Nfd5
16.Qe4 Nxf4 17.Nxf4 Kf7 18.O-O d5 19.Qd3 Qf6 20.Nfe2 Rhc8 21.Rac1 Kg8 22.b3 Rc6
23.Nb5 Bh6 24.Rxc6 bxc6 25.Nc7 Rc8 26.Na6 Bf8 27.Rc1 Nd7 28.Qe3 e5 29.dxe5 Nxe5
30.Nc5 Bd6 31.f4 Nf7 32.g3 Qe7 33.Qxe7 Bxe7 34.Nd4 Bf6 35.Nde6 Nd6 36.Nd7 Bh8
37.Kg2 Ne4 38.Nec5 Nxc5 39.Nxc5 Kf7 40.Kf3 Bd4 41.Nd3 Ke6 42.g4 Kd6 43.Re1 Rf8
44.b4 a5 45.a3 axb4 46.axb4 Bc3 47.Re2 Bd4 48.h4 h5 49.gxh5 gxh5 50.Re1 Rf6
51.Re2 Re6 52.f5 Rxe2 53.Kxe2 Bf6 54.Nf4 Ke5 55.Nxh5 Bxh4 56.Ng7 Bf6 57.Ne8 Be7
58.Kd3 Bxb4 59.f6 Bc5 60.Kc3 Ke6 61.Kd3 Kf7 62.Nc7 Kxf6 63.Ne8+ Kf7 64.Nc7 Ke7  0-1

[Event "3rd Cup"]
[Site "Berazategui ARG"]
[Date "2008.05.01"]
[Round "1"]
[White "Quinteros,M"]
[Black "Araoz,C"]
[Result "1-0"]
[WhiteElo "2433"]
[BlackElo "1910"]

1.c4 c6 2.g3 Nf6 3.Bg2 g6 4.d4 Bg7 5.e4 d6 6.Nc3 O-O 7.Nf3 Na6 8.O-O Bg4
9.h3 Bd7 10.Be3 Qc8 11.Kh2 Re8 12.e5 dxe5 13.dxe5 Nh5 14.g4 Bxg4 15.hxg4 Qxg4
16.Qd4 Qxd4 17.Bxd4 Nf4 18.Rad1 Red8 19.Kg3 Ne6 20.Be3 Nac5 21.Bxc5 Nxc5
22.Rfe1 Nd3 23.Re2 Bh6 24.Bf1 Bf4+ 25.Kg2 Bc1 26.Rc2 Nf4+ 27.Kg1  1-0

[Event "IX EICC"]
[Site "Plovdiv BUL"]
[Date "2008.05.01"]
[Round "10"]
[White "Mastrovasilis,A"]
[Black "Sarakauskas,G"]
[Result "1-0"]
[WhiteElo "2524"]
[BlackElo "2449"]

1.c4 c6 2.Nf3 d5 3.d4 Nf6 4.e3 a6 5.Nbd2 Bf5 6.Nh4 Bg4 7.Qb3 Bc8 8.Bd3 e6
9.Nhf3 Nbd7 10.O-O c5 11.cxd5 exd5 12.dxc5 Nxc5 13.Qc2 Nxd3 14.Qxd3 Be7 15.b3 Bd7
16.Nd4 O-O 17.Bb2 Rc8 18.Rfd1 Bg4 19.N2f3 Ne4 20.h3 Bh5 21.Rdc1 Bf6 22.Rxc8 Qxc8
23.Rc1 Qd7 24.Nd2 Bg6 25.Nxe4 dxe4 26.Qc4 Be5 27.Qc5 Bb8 28.Ne2 Qd2 29.Qd4 Qxd4
30.Nxd4 Re8 31.Rc5 Rd8 32.g4 Bd6 33.Rc2 h5 34.Kg2 hxg4 35.hxg4 Kh7 36.Nf5 Bxf5
37.gxf5 g6 38.f6 g5 39.Rc4 Re8 40.Rd4 Re6 41.Rd5 Kg6 42.Kh3 Bf8 43.Kg4 Bh6
44.Bd4 Rc6 45.a4 Rc2 46.Kg3 Bf8 47.f4 exf3 48.Kxf3 Ba3 49.Rd8 Kf5 50.e4+ Ke6
51.Re8+ Kd7 52.Rb8 Kc7 53.Be5+ Bd6 54.Bxd6+ Kxd6 55.Re8 Rc1 56.e5+ Kd5 57.Kg4 Rg1+
58.Kf5 g4 59.Rd8+ Kc6 60.Rc8+ Kd5 61.Rd8+ Kc6 62.e6 fxe6+ 63.Kxe6 Re1+ 64.Kf7 g3
65.Rd2 Re3 66.Kg7 Rxb3 67.f7 Rf3 68.a5 Kb5 69.Rd5+ Kb4 70.f8=Q+ Rxf8 71.Kxf8 g2
72.Rg5 g1=Q 73.Rxg1 Kxa5 74.Ke7 Kb4 75.Kd6 a5 76.Kd5 a4 77.Kd4 Kb3 78.Kd3 Kb2
79.Rg2+ Kb3 80.Kd2 Kb2 81.Kd1+ Kb1 82.Rg5 a3 83.Rb5+ Ka1 84.Kc2 b6 85.Kb3  1-0

[Event "IX EICC"]
[Site "Plovdiv BUL"]
[Date "2008.05.02"]
[Round "11"]
[White "Macieja,B"]
[Black "Bindrich,F"]
[Result "1/2-1/2"]
[WhiteElo "2599"]
[BlackElo "2513"]

1.c4 c6 2.e4 d5 3.cxd5 cxd5 4.exd5 Nf6 5.Qa4+ Nbd7 6.Nc3 g6 7.Nf3 Bg7 8.Bc4 O-O
9.d3 a6 10.Qa3 Nb6 11.Qb3 Bg4 12.Be3 Nbd7 13.Qxb7 Rb8 14.Qxa6 Bxf3 15.gxf3 Rxb2
16.Qa3 Rb8 17.Rb1 Rxb1+ 18.Nxb1 Ne5 19.f4 Nf3+ 20.Ke2 Qd7 21.h3 Nh4 22.Nc3 Qf5
23.Qxe7 Re8 24.Qc7 Rc8 25.Qe5 Qd7 26.d6 Nf5 27.Nd5 Nxd5 28.Qxd5 Nxd6 29.f5 Qe7
30.fxg6 hxg6 31.Bb3 Nf5 32.Qe4 Qf8 33.Ba4 Bh6 34.Rg1 Bxe3 35.fxe3 Qc5 36.Bd7 Nd6
37.Qd4 Qxd4 38.exd4 Rc2+ 39.Ke3 Rxa2 40.d5 Kf8 41.Kd4 Ke7 42.Bg4 Ra4+ 43.Kc5 Ra5+
44.Kc6 Ra6+ 45.Kc5  1/2-1/2

[Event "3rd Cup"]
[Site "Berazategui ARG"]
[Date "2008.05.05"]
[Round "6"]
[White "Mareco,S"]
[Black "Calderon Fernandez,G"]
[Result "1/2-1/2"]
[WhiteElo "2470"]
[BlackElo "2281"]

1.c4 c6 2.e4 d5 3.exd5 cxd5 4.d4 Nf6 5.Nc3 Nc6 6.Bg5 e6 7.Nf3 Be7 8.Bd3 dxc4
9.Bxc4 Nd5 10.Bd2 Bf6 11.O-O O-O 12.Ne4 Nxd4 13.Nxf6+ Qxf6 14.Ng5 Nf4 15.Ne4 Qg6
16.Ng3 e5 17.Bxf4 exf4 18.Qxd4 fxg3 19.hxg3 Be6 20.Bxe6 Qxe6 21.Rfe1 Rfd8
22.Rxe6 Rxd4 23.Re7 Rb4 24.b3 a5 25.Rc1 a4 26.Rcc7 axb3 27.axb3 Rf8 28.Rxb7 Rxb7
29.Rxb7 Ra8 30.g4 Ra1+ 31.Kh2 h6 32.Kg3 Rb1 33.Kf3 Rb2 34.g3 g6 35.b4 Kg7
36.Rb8 Rb3+ 37.Ke4 Rb2 38.f3 Rb3 39.Kf4 Kh7 40.b5 Kg7 41.b6 Kf6 42.Ke4 Kg5
43.Rb7 Kf6 44.f4 Rxg3 45.Rc7 Rb3 46.b7 h5 47.gxh5 gxh5 48.Kd5 h4 49.Kc6 h3
50.Rc8 h2 51.Rh8 Rc3+ 52.Kd6 Rb3  1/2-1/2

[Event "FSGM May"]
[Site "Budapest HUN"]
[Date "2008.05.05"]
[Round "3"]
[White "Solomon,K"]
[Black "Duong The Anh"]
[Result "1/2-1/2"]
[WhiteElo "2317"]
[BlackElo "2403"]

1.c4 c6 2.e4 d5 3.exd5 cxd5 4.d4 Nf6 5.Nc3 e6 6.Nf3 Bb4 7.cxd5 Nxd5 8.Qc2 Nc6
9.Bd3 Ba5 10.a3 Nxc3 11.bxc3 Nxd4 12.Nxd4 Qxd4 13.O-O Qe5 14.Bb2 Bc7 15.g3 Qh5
16.Be2 Qa5 17.c4 O-O 18.Bc3 Qg5 19.Bf3 e5 20.Rfe1 Rb8 21.Bd5 Bh3 22.Qe4 b6
23.Bxe5 Rbe8 24.f4 Qh5 25.Qd4 Bxe5 26.fxe5 Rd8 27.a4 Qg6 28.Qe4 Qxe4 29.Rxe4 Be6
30.Rd4 Rfe8 31.Re1 Kf8 32.Kg2 Rc8 33.Kf3 Rc5 34.Kf4 h6 35.h4 Ra5 36.Ra1 Rd8
37.Ke4 Ke7 38.Rd2 Rc5 39.Rad1 Bg4 40.Rf1 Be6 41.Rfd1 Bg4  1/2-1/2

[Event "Kaupthing Open"]
[Site "Differdange LUX"]
[Date "2008.05.12"]
[Round "4"]
[White "Gretarsson,Hj"]
[Black "Christen,Pi"]
[Result "1-0"]
[WhiteElo "2291"]
[BlackElo "2053"]

1.c4 c6 2.d4 d5 3.Nf3 Nf6 4.Nc3 dxc4 5.a4 Na6 6.e3 Bg4 7.Bxc4 e6 8.Qb3 Nb4
9.Bd2 a5 10.Ne5 Bf5 11.Rc1 Bd6 12.f4 O-O 13.O-O h5 14.Qd1 Nbd5 15.Qe2 Qb6
16.Bd3 Bxd3 17.Qxd3 Qa6 18.Qb1 Qb6 19.Nc4 Qc7 20.e4 Bxf4 21.exd5 Bxh2+ 22.Kh1 exd5
23.Ne3 Rfe8 24.Ncxd5 Nxd5 25.Nxd5 Qd6 26.Qf5  1-0

[Event "ch-Moscow"]
[Site "Moscow RUS"]
[Date "2008.05.12"]
[Round "1"]
[White "Rustemov,A"]
[Black "Deviatkin,A"]
[Result "1/2-1/2"]
[WhiteElo "2552"]
[BlackElo "2568"]

1.c4 c6 2.Nf3 d5 3.e3 Nf6 4.Nc3 g6 5.d4 Bg7 6.Bd3 O-O 7.O-O Bg4 8.h3 Bxf3
9.Qxf3 e6 10.Bd2 Nbd7 11.Rfd1 dxc4 12.Bxc4 e5 13.Bb3 exd4 14.exd4 Nb6 15.Bg5 Qd6
16.Bf4 Qb4 17.Be5 Nbd7 18.Bc7 Rac8 19.Qg3 Rfe8 20.Bd6 Qb6 21.Rd3 Qd8 22.Rad1 Nb6
23.Rf3 Nfd5 24.a4 a5 25.h4 Re6 26.Bc5 Rf6 27.Re1 Bf8 28.Bxb6 Nxb6 29.Ne4 Rxf3
30.Qxf3 Nd5 31.h5 Bg7 32.h6 Bxh6 33.Bxd5 cxd5 34.Nf6+ Kg7 35.Re8 Qc7 36.Rxc8 Qxc8
37.Nxd5 Qe6 38.g3 Bg5 39.Kg2 h5 40.Nc3 Bf6 41.d5 Qe5 42.Ne4 Qxb2 43.d6 Bd8
44.Nc3 Qd2 45.Nd5 Qd4 46.d7 f5 47.Qb3 h4 48.gxh4 Bxh4 49.Qf3 Kf7 50.Kf1 Qc4+
51.Ke1 Qe4+ 52.Qxe4 fxe4 53.Ke2 Ke6 54.Nc3 Kxd7 55.Nxe4 Kc6 56.Kd3 Kd5 57.f3 Be7
58.Kc3 Bf8 59.Kd3 Bg7 60.Ng5 Bf6 61.Ne4 Be5 62.Nd2 Kc5 63.Nc4 Bc7 64.Kc3 b6
65.Ne3 g5 66.Nc2 Be5+ 67.Kd3 Bf6 68.Ne3 Bh8 69.Nc2 Be5 70.Ke4 Bc7 71.Kd3 Bf4
72.Kc3 Be5+ 73.Kd3 Bb2 74.Ne3 b5 75.axb5 Kxb5 76.Kc2 Be5 77.Ng4 Bf4 78.Kb3 Bc7
79.Nf2 a4+ 80.Ka2 Bf4 81.Ne4 Kb4 82.Nf2 Bd6 83.Ne4 Be7 84.Kb2 Kc4 85.Ka2 Kb4
86.Kb2 a3+ 87.Ka2 Bd8 88.Nf2 Be7 89.Ne4 Kc4 90.Nxg5 Bxg5 91.Kxa3  1/2-1/2

[Event "43rd Capablanca Memorial Open"]
[Site "Havana CUB"]
[Date "2008.05.13"]
[Round "6"]
[White "Hernandez Onna,R"]
[Black "Martinez,Lel"]
[Result "1-0"]
[WhiteElo "2349"]
[BlackElo "2499"]

1.c4 c6 2.e4 g6 3.d4 Bg7 4.Nc3 d6 5.Be2 Qb6 6.Nf3 Bg4 7.Na4 Qc7 8.O-O Nd7
9.Be3 Nb6 10.Rc1 Nf6 11.h3 Bxf3 12.Bxf3 O-O 13.b4 Nfd7 14.Be2 Nxa4 15.Qxa4 a5
16.b5 c5 17.d5 Rfe8 18.Qc2 h5 19.Qd2 e6 20.Rfd1 exd5 21.Qxd5 Re6 22.Bf3 Ne5
23.Be2 Rae8 24.Bf4 Qe7 25.Bf1 Kh7 26.Bh2 Qc7 27.f4 Nd7 28.e5 Nb6 29.exd6 Nxd5
30.dxc7 Nxc7 31.f5 R6e7 32.Bd6 Bd4+ 33.Kh1 gxf5 34.Bxe7 Rxe7 35.Bd3 Re4 36.Rf1 Re3
37.Bxf5+ Kg7 38.Rce1 Rxe1 39.Rxe1 Kf6 40.Bd7 Na8 41.Be8 Nb6 42.Rf1+ Kg5 43.Bxf7 Na4
44.g3 Nc3 45.a3 Ne4 46.Kg2 Bb2 47.h4+ Kh6 48.Bd5 Nd6 49.a4 Kg7 50.Re1  1-0

[Event "Mayors Cup Open"]
[Site "Mumbai IND"]
[Date "2008.05.13"]
[Round "4"]
[White "Kundalia,A"]
[Black "Swati,M"]
[Result "0-1"]
[WhiteElo "1717"]
[BlackElo "2114"]

1.c4 c6 2.Nc3 d5 3.cxd5 cxd5 4.d4 Nf6 5.Bg5 Ne4 6.Nxe4 dxe4 7.g3 Nc6 8.Be3 e5
9.dxe5 Qa5+ 10.Bd2 Qxe5 11.Bg2 Bf5 12.Bc3 Bb4 13.Bxb4 Nxb4 14.Qa4+ Nc6 15.Rb1 O-O
16.e3 b5 17.Qb3 Rac8 18.Ne2 Rfd8 19.O-O Rd3 20.Qc2 Nb4 21.Qxc8+ Bxc8 22.a3 Nc6
23.Rbc1 Bd7 24.Rc2 f5 25.Rfc1 Qd6 26.Nc3 a6 27.Kf1 b4  0-1

[Event "Frank K Berry ch-USA"]
[Site "Tulsa USA"]
[Date "2008.05.14"]
[Round "2"]
[White "Friedel,J"]
[Black "Shankland,S"]
[Result "1-0"]
[WhiteElo "2484"]
[BlackElo "2296"]

1.c4 c6 2.e4 e5 3.Nf3 d6 4.Nc3 Nf6 5.Be2 Nbd7 6.d4 Be7 7.O-O O-O 8.Qc2 Qc7
9.Rd1 Re8 10.Rb1 a6 11.b4 exd4 12.Nxd4 c5 13.Nf5 cxb4 14.Nxe7+ Rxe7 15.Rxb4 h6
16.Bf4 Ne5 17.Qb3 Be6 18.Bxe5 dxe5 19.Nd5 Bxd5 20.exd5 Rd8 21.Rb1 Rdd7 22.Qa3 Qc5
23.Qe3 Qxe3 24.fxe3 Ne4 25.Bg4 Rc7 26.c5 Rxc5 27.Rxe4 Rxd5 28.Bc8 Ra5 29.Rxb7 Rxb7
30.Bxb7 Rxa2 31.Rxe5 Kf8 32.Bc6 f6 33.Re8+  1-0

[Event "Kaupthing Open"]
[Site "Differdange LUX"]
[Date "2008.05.15"]
[Round "7"]
[White "Urbaniak,P"]
[Black "Christen,Pi"]
[Result "0-1"]
[WhiteElo "2005"]
[BlackElo "2053"]

1.c4 c6 2.Nc3 d5 3.cxd5 cxd5 4.d4 Nf6 5.Nf3 Nc6 6.e3 Bg4 7.Be2 e6 8.a3 Bd6
9.b4 a6 10.O-O O-O 11.Bb2 Rc8 12.b5 axb5 13.Nxb5 Bb8 14.a4 Ne4 15.h3 Bh5
16.Nd2 Bxe2 17.Qxe2 Nxd2 18.Qxd2 Na5 19.Qd3 Nc4 20.Bc3 f5 21.a5 Rc6 22.Bb4 Re8
23.Rfc1 Qd7 24.Rc2 e5 25.Bc5 e4 26.Qd1 Rec8 27.Nc3 Ra6 28.Rca2 Bc7 29.Qa4 Qc6
30.Bb4 Rca8 31.Qb3 g5 32.g3 Kh8 33.Qd1 f4 34.Qg4 fxe3 35.fxe3 Nxe3 36.Qe2 Nf5
37.g4 Nh4 38.Rf1 Nf3+ 39.Rxf3 exf3 40.Qxf3 Bxa5 41.Bxa5 b6 42.Nxd5 Rxa5 43.Rxa5 bxa5
44.Qf5 Qc1+ 45.Kg2 Qd2+ 46.Kf1 Qxd4 47.Kg2 Rd8 48.Ne3 Qd2+ 49.Kf3 Qc3 50.Qxg5 Rf8+
51.Kg3 Qe1+ 52.Kh2 Qe2+ 53.Kg3 Qf2+  0-1

[Event "LXXII ch-CRC Fase 1"]
[Site "Moravia CRC"]
[Date "2008.05.17"]
[Round "1"]
[White "Rodriguez,Dav"]
[Black "Granados,C"]
[Result "0-1"]
[WhiteElo "1998"]
[BlackElo "2201"]

1.c4 c6 2.g3 d5 3.Bg2 Nf6 4.Nf3 Bg4 5.Ne5 Be6 6.cxd5 Bxd5 7.Nf3 c5 8.Nc3 Bc6
9.O-O e6 10.d4 Nbd7 11.Re1 Ne4 12.Qd3 Ndf6 13.Ne5 Qxd4 14.Qxd4 cxd4 15.Nxc6 dxc3
16.Nd4 Bb4 17.Rd1 Rd8 18.Be3 cxb2 19.Rab1 Nc3 20.Rxb2 Nxd1 21.Rxb4 Nxe3 22.fxe3 O-O
23.Rxb7 Ng4 24.Bf3 Ne5 25.Be4 Rd7 26.Rb5 Nc4 27.Kf2 Nd6 28.Bc6 Nxb5 29.Bxd7 Nxd4  0-1

[Event "ch-Moscow"]
[Site "Moscow RUS"]
[Date "2008.05.17"]
[Round "6"]
[White "Rustemov,A"]
[Black "Rychagov,A"]
[Result "1/2-1/2"]
[WhiteElo "2552"]
[BlackElo "2565"]

1.c4 c6 2.d4 d5 3.Nc3 Nf6 4.e3 a6 5.Nf3 b5 6.c5 Nbd7 7.Bd3 e5 8.Bc2 Qc7 9.O-O Be7
10.e4 exd4 11.exd5 Nxc5 12.Qxd4 cxd5 13.Bf4 Qb7 14.Be5 Ne6 15.Qd3 Nc5 16.Qe3 Ng4
17.Qd4 Nxe5 18.Qxe5 O-O 19.Nxd5 Be6 20.Nxe7+ Qxe7 21.Nd4 Rfe8 22.Rfe1 Qf8
23.b4 Nd7 24.Qf4 Bc4 25.a3 Nf6 26.Nb3 Rad8 27.Nc5 a5 28.Be4 axb4 29.axb4 Qd6
30.Qxd6 Rxd6 31.f3 g6 32.Red1 Red8 33.Rxd6 Rxd6 34.Rb1 Rd2 35.Bc6 Kf8 36.Nb3 Rd3
37.Na5 Ke7 38.Nxc4 bxc4 39.Rc1 Rd4 40.Bb5 Nd5 41.Bxc4 Nxb4  1/2-1/2

[Event "Mayors Cup Open"]
[Site "Mumbai IND"]
[Date "2008.05.17"]
[Round "9"]
[White "Swayams,M"]
[Black "Murali Krishnan,B"]
[Result "0-1"]
[WhiteElo "2235"]
[BlackElo "2361"]

1.c4 c6 2.d4 d5 3.Nf3 Nf6 4.Nc3 e6 5.Bg5 Nbd7 6.e3 Be7 7.Rc1 O-O 8.Bd3 dxc4
9.Bxc4 c5 10.O-O a6 11.a4 cxd4 12.exd4 Nb6 13.Ba2 Bd7 14.Ne5 Be8 15.Re1 Nfd5
16.Bxe7 Nxe7 17.Bb1 Nbd5 18.Ne4 Nf5 19.b3 Nf4 20.Qg4 Qh4 21.Nf6+ Qxf6 22.Qxf4 Nd6
23.Qg4 Rd8 24.Rc3 g6 25.h4 b5 26.Rf3 Nf5 27.a5 h5 28.Qe4 Qxh4 29.Rf4 Qe7
30.Rd1 Qd6 31.g4 f6 32.Nxg6 Bxg6 33.gxf5 Bxf5 34.Qg2+ Bg4 35.Qg3 Kf7 36.f3 e5
37.fxg4 exf4 38.Qd3 Rh8 39.Qg6+ Kf8 40.g5 f3 41.Kf1 Qe6 42.Qxf6+ Qxf6 43.gxf6 Rh6
44.Kf2 Rxf6 45.d5 Ke7 46.Be4 Kd6 47.Rh1 Re8 48.Rh4 Re5 49.b4 Rg5 50.Rh3 Ke5
51.Bxf3 Rgf5 52.Ke2 Rxf3  0-1

[Event "TCh-CHN Torch Real Estate Cup"]
[Site "Jiangsu Wuxi CHN"]
[Date "2008.05.19"]
[Round "7"]
[White "Zhao Xue"]
[Black "Liu Pei"]
[Result "1-0"]
[WhiteElo "2523"]
[BlackElo "2247"]

1.c4 c6 2.Nf3 d5 3.e3 Nf6 4.b3 e6 5.Bb2 Nbd7 6.d4 a6 7.Bd3 b5 8.O-O Bd6 9.Nbd2 Bb7
10.Qc2 Rc8 11.c5 Bb8 12.b4 Qe7 13.a4 h6 14.Ne5 Nxe5 15.dxe5 Ng4 16.Nf3 f6
17.axb5 axb5 18.exf6 gxf6 19.e4 d4 20.Bxd4 Rd8 21.e5 fxe5 22.Bg6+ Kf8 23.Bc3 Rd5
24.Be4 Rg8 25.Rfe1 Qg7 26.g3 Rd4 27.Qb2 Rc4 28.Bd3 Rxc3 29.Qxc3 Qf7 30.Be4 Qh5
31.Red1 Ke7 32.Rd6 Rd8 33.Qd3 Nf6 34.Rd1 Bxd6 35.Qxd6+ Kf7 36.Nxe5+ Kg7 37.Bg6 Qxe5
38.Qxe5 Kxg6 39.Rxd8  1-0

[Event "ch-LTU"]
[Site "Kaunas LTU"]
[Date "2008.05.19"]
[Round "4"]
[White "Kveinys,A"]
[Black "Sarakauskas,G"]
[Result "1/2-1/2"]
[WhiteElo "2515"]
[BlackElo "2449"]

1.c4 c6 2.Nf3 d5 3.e3 Nf6 4.Nc3 g6 5.d4 Bg7 6.Bd3 O-O 7.O-O Bf5 8.Bxf5 gxf5
9.Qd3 e6 10.Bd2 Nbd7 11.Rfc1 a6 12.Be1 Ne4 13.Ne2 dxc4 14.Qxc4 c5  1/2-1/2

[Event "ch-LTU"]
[Site "Kaunas LTU"]
[Date "2008.05.21"]
[Round "7"]
[White "Kveinys,A"]
[Black "Vaznonis,V"]
[Result "1-0"]
[WhiteElo "2515"]
[BlackElo "2417"]

1.c4 c6 2.Nf3 d5 3.e3 Nf6 4.Nc3 Bg4 5.h3 Bxf3 6.Qxf3 e6 7.d4 Nbd7 8.Bd3 Be7
9.O-O O-O 10.Rd1 Qc7 11.Bd2 dxc4 12.Bxc4 c5 13.Bb3 cxd4 14.exd4 Nb6 15.Bf4 Qd7
16.d5 Nfxd5 17.Nxd5 Nxd5 18.Bxd5 exd5 19.Rxd5 Qe6 20.Rad1 Bf6 21.b3 Rac8
22.Be3 Rc2 23.Ra5 b5 24.Rxa7 b4 25.Qd5 Qc8 26.Qe4 Qc3 27.Ra8 Rxa8 28.Qxa8+ Qc8
29.Qa5 h5 30.Qxb4 Rxa2 31.Qc4 Qf5 32.Rc1 Rb2 33.b4 Kh7 34.Qc5 Be5 35.Qc4 Rb1
36.g4 hxg4 37.hxg4 Rxc1+ 38.Bxc1 Qf3 39.Kf1 Bc3 40.Be3 Qh1+ 41.Ke2 Qe1+ 42.Kf3 Bxb4
43.Qxf7 Qd1+ 44.Kg3 Qg1+ 45.Kf4 Qh2+ 46.Kf5 Qd6 47.Ke4 Qg6+ 48.Qf5 Qxf5+
49.Kxf5 Bc3 50.f3 Bb2 51.Bf4 Bc3 52.Be5 Bd2 53.f4 g5 54.Kxg5  1-0

[Event "Capo d'Orso Open"]
[Site "Porto Mannu Palau ITA"]
[Date "2008.05.22"]
[Round "7"]
[White "Molina,Fa"]
[Black "Neri,E"]
[Result "1-0"]
[WhiteElo "2313"]
[BlackElo "2084"]

1.c4 c6 2.g3 d5 3.Bg2 Nf6 4.Nf3 dxc4 5.a4 Nbd7 6.Na3 e5 7.Nxc4 Qc7 8.O-O Nd5
9.d4 exd4 10.Nxd4 N7b6 11.e4 Nb4 12.Bf4 Qd8 13.Ne5 Qf6 14.a5 g5 15.axb6 a5
16.Ndxc6 bxc6 17.b7 Rb8  1-0

[Event "Guillermo Garcia Mem"]
[Site "Santa Clara CUB"]
[Date "2008.05.22"]
[Round "4"]
[White "Glud,J"]
[Black "Matsuura,E"]
[Result "1/2-1/2"]
[WhiteElo "2456"]
[BlackElo "2500"]

1.c4 c6 2.d4 d5 3.Nf3 Nf6 4.Nc3 e6 5.Bg5 h6 6.Bh4 dxc4 7.e4 g5 8.Bg3 b5 9.Be2 Bb7
10.h4 g4 11.Ne5 h5 12.O-O Nbd7 13.Qc2 Nxe5 14.Bxe5 Bg7 15.Bg3 O-O 16.e5 Nd5
17.Ne4 Ne7 18.Nd6 Nf5 19.Rad1 Nxd6 20.exd6 Qb6 21.b3 c5 22.bxc4 bxc4 23.dxc5 Qc6
24.f3 Qxc5+ 25.Bf2 Qc6 26.Qxc4 Qxc4 27.Bxc4 gxf3 28.gxf3 Bxf3 29.Rd2 Bh6
30.Rb2 e5 31.Bxa7 e4 32.Bb6 Rab8 33.Rfb1 Kh7 34.d7 Bg7 35.Rd2 Bf6 36.Rb3 Bxh4
37.Bc5 Rg8+ 38.Kf1 Rxb3 39.Bxb3 Bg4 40.Bxf7 Bh3+ 41.Ke2 Rg2+ 42.Kd1 Bg4+
43.Kc2 Rxd2+ 44.Kxd2 Bxd7  1/2-1/2